Los servicios pb︢licos y el rǧimen jurd̕ico de los usuarios

Detalles Bibliográficos
Autor principal: Miguez Macho, Luis
Formato: Desconocido
Lenguaje:español
Publicado: Barcelona : CEDECS, 1999
Materias:
Acceso en línea:Acceso restringido

MARC

LEADER 00000ny a22000003n 4500
005 20110615145756.0
008 990630s1999 sp s 000 0 spa c
017 |a B11428-1999 
020 |a 8495027259 
035 |a 332 
040 |a UMA.CEE  |d vLex 
040 |a UMA.RE  |d vLex 
080 |a 338.465:366.5(460) 
080 |a 35.077.1(460) 
080 |a 366.5:338.465(460) 
090 |c 734  |d 734 
100 1 |a Miguez Macho, Luis 
245 1 4 |a Los servicios pb︢licos y el rǧimen jurd̕ico de los usuarios  |h [Recurso electrn̤ico]  |c Luis Miguez Macho 
256 |a Servicio en ln̕ea 
260 |a Barcelona :  |b CEDECS,  |c 1999 
300 |a 302 p. ;  |c 23 cm 
504 |a Bibliografa̕: p. 275-302 
506 1 |a Contenido solo disponible en los productos indicados  |d vLex Global  |d vLex Global (Academic Edition, excluding Law Schools)  |d vLex Global (U.S. Academic Edition, Law Schools)  |d vLex Global (U.S. Academic Edition, excluding Law Schools)  |d vLex Global (Academic Edition, Law Schools) 
650 0 7 |a Tributario  |2 Tesauro vLex 
650 0 7 |a Servicios pb︢licos  |2 Tesauro vLex 
650 0 7 |a Usuarios de servicios pb︢licos  |2 Tesauro vLex 
740 0 |a vLex Libros (Servicios en ln̕ea) 
856 4 0 |u http://vlex.com/source/332  |z Acceso restringido 
942 |c BOOK 
999 0 |a Public utilities  |b Barcelona